000 00805nam a22001337a 4500
040 _cRUA
082 _aANS SOR 2015 B479 Or.1
100 _aSORM BORA; សោម បូរ៉ា
245 _aUsing broken mung bean leaves (type3) instead of fish meal on qauil growth in animal experimental station at royal university of agriculture, ការប្រើប្រាស់ចុងសណ្ដែកបាយ (ប្រភេទលេខ៣) ជំនួសម្សៅត្រីលើការលូតលាស់របស់ក្រូចនៅស្ថានីយពិសោធន៏សត្វនៃសាកលវិទ្យាល័យភូមិន្ទកសិកម្ម
260 _aPhnom Penh
_bRUA
_c2015
300 _axi;50p.
_bill.
_c29cm.
856 _uSORM BORA
942 _cANS
999 _c8116
_d8116